| 000 | 00432nam a2200169 4500 | ||
|---|---|---|---|
| 001 | 121508 | ||
| 003 | ES-MaACL | ||
| 005 | 20230906191749.0 | ||
| 007 | t| | ||
| 008 | 070214s1923 fr r ||||1| fre d | ||
| 100 | 1 |
_aPorché, François. _993120 |
|
| 245 | 1 | 0 |
_aSonates / _cFrançois Porché. |
| 250 | _a6ª. ed. | ||
| 260 |
_aParis : _b[s.n.], _c1923 ( _fImp. Chais) |
||
| 300 |
_a218 p. ; _c20 cm. |
||
| 852 |
_aES-MaACL _jF-4633 |
||
| 999 |
_c121508 _d121508 |
||